<?xml version="1.0" encoding="UTF-8"?>
<collection xmlns="http://www.loc.gov/MARC21/slim">
 <record>
  <leader>01215pamaa2200217   4500</leader>
  <controlfield tag="001">0000046499</controlfield>
  <controlfield tag="005">20100108090000.0</controlfield>
  <controlfield tag="008">100108                             eng  </controlfield>
  <datafield tag="020" ind1="0" ind2="0">
   <subfield code="a">9780443102486 (pbk.) </subfield>
  </datafield>
  <datafield tag="090" ind1="0" ind2="0">
   <subfield code="a">RC74 </subfield>
   <subfield code="b">WAL 2008</subfield>
  </datafield>
  <datafield tag="100" ind1="1" ind2="0">
   <subfield code="a">Walsh </subfield>
  </datafield>
  <datafield tag="245" ind1="1" ind2="0">
   <subfield code="a">Pulse diagnosis : </subfield>
   <subfield code="b">a clinical guide  </subfield>
   <subfield code="c">Sean Walsh, Emma King.</subfield>
  </datafield>
  <datafield tag="260" ind1="0" ind2="0">
   <subfield code="a">Edinburgh ; New York: </subfield>
   <subfield code="b">Churchill Livingstone Elsevier, </subfield>
   <subfield code="c">2008.</subfield>
  </datafield>
  <datafield tag="300" ind1=" " ind2=" ">
   <subfield code="a">xiv, 232 p.: </subfield>
   <subfield code="b">ill.; </subfield>
   <subfield code="c">26 cm.</subfield>
  </datafield>
  <datafield tag="504" ind1="0" ind2="0">
   <subfield code="a">Includes bibliographical references and index</subfield>
  </datafield>
  <datafield tag="505" ind1="0" ind2="0">
   <subfield code="a">Contextualising pulse within contemporary clinical practice -- The pulse: its place within contemporary biomedical and CM practice -- Historical pulse records and practice -- Issues of reliability and validity -- Getting started: pulse techniques, procedures, and the development of a methodical approach to pulse assessment -- Simple CM pulse qualities and associated pulse parameters -- Complex CM pulse qualities and associated pulse parameters -- Genesis of pulse qualities -- Other systems of pulse diagnosis</subfield>
  </datafield>
  <datafield tag="650" ind1="0" ind2="0">
   <subfield code="a">Medicine, Chinese </subfield>
  </datafield>
  <datafield tag="650" ind1="0" ind2="0">
   <subfield code="a">Pulse </subfield>
  </datafield>
  <datafield tag="650" ind1="0" ind2="0">
   <subfield code="a">Medicine, Chinese Traditional -- </subfield>
   <subfield code="x">methods </subfield>
  </datafield>
  <datafield tag="700" ind1="1" ind2="1">
   <subfield code="a">King, </subfield>
   <subfield code="h">Emma </subfield>
  </datafield>
  <datafield tag="901" ind1=" " ind2=" ">
   <subfield code="u">http://www.elsevierhealth.com</subfield>
  </datafield>
 </record>
</collection>
